| 000 | 01151nam a22002777a 4500 | ||
|---|---|---|---|
| 005 | 20240530110453.0 | ||
| 008 | 150521s2011 ua ad g b 000 0 ara d | ||
| 017 |
_a2010/16320 _bمصر . دار الكتب المصرية |
||
| 020 | _a9789773832185 | ||
| 040 | _aEG-CaGPL | ||
| 082 | 0 | 4 |
_221 _a371.26\ _bس ا |
| 100 | 0 | _aسعاد سيد محمد ابراهيم الفجال | |
| 245 | 1 | 0 |
_aاتجاهات حديثة فى التقويم التربوى / _cتاليف سعاد سيد محمد ابراهيم الفجال |
| 250 | _aط1 | ||
| 260 |
_aالقاهرة : _bإيتراك للطباعة و النشر و التوزيع ، _c2011 . |
||
| 300 |
_a227 ص : _bجداول ؛ _c24 سم . |
||
| 504 | _aيشتمل على ارجاعات ببليوجرافية | ||
| 650 | 0 | 4 |
_aالتعليم _xاغراضة و اهدافة |
| 650 | 0 | 4 | _aالامتحانات |
| 650 | 0 | 4 |
_aالامتحانات _xمعاير ضبط الجودة |
| 650 | 0 | 4 | _aتكنولوجيا التعليم |
| 650 | 0 | 4 |
_aالتعليم _xضبط الجودة |
| 650 | 0 | 4 |
_aالمدرسون _xتدريب |
| 942 |
_2ddc _cBK |
||
| 999 |
_c61306 _d61306 |
||